00432nam a2200181 a 4500001001300000003000900013005001700022008004100039020000800080082001500088245001700103260003100120300000900151500003500160505002400195650001600219710001500235nice12345678IN_TiNIC20260116011321.0050524s1915 alaa grp 000 0 eng  ac700a297.64bCP aLife of Omer aAlahabadbCity Pressc1915 a151p aincludes index and biblioraphy2 abibliography, index aUmer-Caliph2 aCity Press